| 000 | 01158nam a22003137a 4500 | ||
|---|---|---|---|
| 001 | BD-DhSAU 8849 | ||
| 003 | BD-DhSAU | ||
| 005 | 20200108122855.0 | ||
| 008 | 150420b2017 bg ||||| m||| 00| 0 eng d | ||
| 040 | _aBD-DhSAU | ||
| 082 |
_222 _a635 _bSi86 |
||
| 100 |
_eRegistration # 16-07534 _a Sithi , Sonika Khan |
||
| 245 |
_aMitigation of Salt stress in Tomato with Salicylic Acid and Jasmonic Acid / _bMS thesis _c Sithi , Sonika Khan |
||
| 260 |
_aSher-e-Bangla Agricultural University : _bDepartment of Horticulture, _c2017 |
||
| 300 |
_axii, 90 p. : _c30 cm. _bill. ; |
||
| 500 | _aMS thesis of Department of Horticulture, Faculty of Agriculture, Sher-e-Bangla Agricultural University, Dhaka | ||
| 504 | _aIncludes bibliographical reference. | ||
| 590 | _aShofi | ||
| 650 | _aHorticulture | ||
| 650 | _aMitigation | ||
| 650 | _aSalicylic Acid | ||
| 650 | _aSalt stress | ||
| 650 | _aJasmonic Acid | ||
| 650 | _aTomato | ||
| 700 |
_aAmin , Md. Ruhul _eSuperviser |
||
| 700 |
_aParvin , Khursheda _eCo-superviser |
||
| 856 |
_uhttp://archive.saulibrary.edu.bd:8080/xmlui/handle/123456789/2578 _yOnline Access |
||
| 942 |
_2ddc _cTHESIS |
||
| 999 |
_c14748 _d14747 |
||